000 00694nam a2200289Ia 4500
005 20260324131432.0
008 008 260324s9999 xx 000 0 eng d
020 _a9781315870618
037 _aEBOOK
040 _aCRL
040 _beng
040 _cCRL
041 _2eng
041 _aeng
084 _qCRL
100 _aRobert Gooding-Williams
_91185510
245 0 _aLook, a Negro!
245 0 _bPhilosophical Essays on Race, Culture, and Politics
260 _bTaylor and Francis
260 _c2006
365 _a
365 _b290
856 _uhttp://www.taylorfrancis.com/books/9781315870618
942 _cEBOOK
999 _c1782644
_d1782644